[Event "XI C.to Mondiale seniores"]
[Site "Arco ITA"]
[Date "2001.10.25"]
[Round "8"]
[White "Rosen, Willy"]
[Black "Bukal, Vladimir sr"]
[Result "0-1"]
[WhiteElo "2315"]
[BlackElo "2437"]
[PlyCount "74"]
[EventDate "2001.10.17"]

1. e4 e6 2. d4 d5 3. Nc3 Bb4 4. e5 c5 5. Bd2 Ne7 6. dxc5 Nbc6 7. Qg4 O-O 8.
O-O-O Ng6 9. Nf3 Bxc5 10. Qh5 Bd7 11. h4 Qe8 12. Ng5 h6 13. f4 f5 14. exf6 Rxf6
15. Nh3 Rc8 16. g4 Nge7 17. Qxe8+ Bxe8 18. Re1 Rf8 19. Bg2 Bd7 20. f5 exf5 21.
g5 d4 22. Nd5 Kh7 23. Nxe7 Nxe7 24. Bxb7 Rc7 25. Bf3 Bc6 26. Bxc6 Rxc6 27. Nf4
Rfc8 28. c4 dxc3 29. Bxc3 Bb4 30. Kb1 Bxc3 31. Rxe7 Bd2 32. g6+ Kg8 33. Nd3
Rxg6 34. Ne5 Rg2 35. h5 Bg5 36. Rb7 Re2 37. Nf7 Be7 0-1

[Event "XI C.to Mondiale seniores"]
[Site "Arco ITA"]
[Date "2001.10.26"]
[Round "9"]
[White "Bukal, Vladimir sr"]
[Black "Klovans, Janis"]
[Result "0-1"]
[WhiteElo "2437"]
[BlackElo "2420"]
[PlyCount "124"]
[EventDate "2001.10.17"]

1. c4 e6 2. Nc3 d5 3. d4 Nf6 4. cxd5 exd5 5. Bg5 Be7 6. e3 c6 7. Bd3 Nbd7 8.
Qc2 O-O 9. Nf3 Re8 10. O-O Nf8 11. h3 Be6 12. Rfc1 N6d7 13. Bf4 Nb6 14. Ne2 Nc8
15. Rab1 Nd6 16. a4 Ng6 17. Bh2 Rc8 18. Ne5 Rc7 19. Nf4 Qc8 20. b4 Nf8 21. b5
f6 22. Nf3 Bf7 23. bxc6 Rxc6 24. Qb2 Qd7 25. Rxc6 Qxc6 26. Ne2 b6 27. Rc1 Qd7
28. Bxd6 Qxd6 29. Bb5 Rd8 30. Rc6 Qb8 31. Nf4 Bd6 32. Nd3 Ng6 33. Ba6 Ne7 34.
Rc1 Rd7 35. Nfe1 Rc7 36. Nc2 Qe8 37. Qb3 Nc6 38. Ra1 Nb8 39. Ncb4 Nxa6 40. Nxa6
Rc4 41. Nb2 Rc8 42. Nb4 Qe7 43. N4d3 Qc7 44. a5 bxa5 45. Qa4 Bg6 46. Rc1 Qxc1+
47. Nxc1 Rxc1+ 48. Nd1 h6 49. f4 Bc2 50. Qc6 Rxd1+ 51. Kh2 Be4 52. Qxd6 Rd2 53.
Kg1 Rxg2+ 54. Kf1 Ra2 55. Qb8+ Kh7 56. Qb3 Rh2 57. Qa3 Rxh3 58. Kf2 h5 59. Qxa5
Rf3+ 60. Ke2 h4 61. Qd8 h3 62. Qe8 Bg6 0-1

[Event "XI C.to Mondiale seniores"]
[Site "Arco ITA"]
[Date "2001.10.26"]
[Round "9"]
[White "Gurgenidze, Bukhuti I."]
[Black "Baumgartner, Heinz"]
[Result "1/2-1/2"]
[WhiteElo "2217"]
[BlackElo "2350"]
[PlyCount "56"]
[EventDate "2001.10.17"]

1. e4 e5 2. Nf3 Nc6 3. Bb5 f5 4. Bxc6 dxc6 5. Nc3 fxe4 6. Nxe4 Nf6 7. Qe2 Bg4
8. h3 Bxf3 9. Qxf3 Be7 10. Nxf6+ Bxf6 11. d3 O-O 12. Qe4 Qd5 13. O-O Qxe4 14.
dxe4 Rfd8 15. Be3 b6 16. Rfd1 Kf7 17. Kf1 Ke6 18. Rxd8 Rxd8 19. Ke2 Be7 20. g3
g5 21. Rd1 Rg8 22. Rg1 Rf8 23. f3 Rg8 24. a4 Kd6 25. Rf1 Ke6 26. Ra1 a5 27. Rg1
Kd6 28. c4 c5 1/2-1/2

[Event "XI C.to Mondiale seniores"]
[Site "Arco ITA"]
[Date "2001.10.26"]
[Round "9"]
[White "Hecht, Hans-Joachim"]
[Black "Titz, Heimo"]
[Result "1/2-1/2"]
[WhiteElo "2418"]
[BlackElo "2306"]
[PlyCount "66"]
[EventDate "2001.10.17"]

1. d4 Nf6 2. c4 e6 3. Nf3 b6 4. e3 Bb7 5. Bd3 Bb4+ 6. Nc3 O-O 7. Qc2 c5 8. a3
cxd4 9. axb4 dxc3 10. bxc3 d6 11. O-O Nbd7 12. e4 h6 13. Rd1 Qc7 14. Bf4 Rfd8
15. Qe2 a5 16. e5 dxe5 17. Nxe5 Nxe5 18. Bxe5 Qe7 19. c5 axb4 20. Bd6 Qe8 21.
cxb4 bxc5 22. bxc5 Rxa1 23. Rxa1 Ra8 24. Qb2 Rxa1+ 25. Qxa1 Ne4 26. Qd4 Qa8 27.
f3 Nf6 28. h3 Bd5 29. Qb2 Ne8 30. Qb8 Qxb8 31. Bxb8 Bc6 32. Kf2 Kf8 33. Ke3 Ke7
1/2-1/2

[Event "XI C.to Mondiale seniores"]
[Site "Arco ITA"]
[Date "2001.10.26"]
[Round "9"]
[White "Karasev, Vladimir I."]
[Black "Csom, Istvan"]
[Result "1/2-1/2"]
[WhiteElo "2410"]
[BlackElo "2425"]
[PlyCount "39"]
[EventDate "2001.10.17"]

1. e4 c5 2. Nf3 d6 3. d4 cxd4 4. Nxd4 Nf6 5. f3 a6 6. c4 e6 7. Nc3 Be7 8. Be3
Qc7 9. Rc1 Nbd7 10. Be2 b6 11. O-O Bb7 12. Qd2 Rc8 13. Rfd1 Qb8 14. Bf1 h6 15.
b3 g5 16. Kh1 Rg8 17. Bg1 h5 18. Re1 Ne5 19. Na4 Nfd7 20. Rcd1 1/2-1/2

[Event "XI C.to Mondiale seniores"]
[Site "Arco ITA"]
[Date "2001.10.26"]
[Round "9"]
[White "Kristiansen, Erling"]
[Black "Ivanets, Vladimir"]
[Result "0-1"]
[WhiteElo "2213"]
[BlackElo "2132"]
[PlyCount "64"]
[EventDate "2001.10.17"]

1. d4 b5 2. a4 b4 3. e4 Bb7 4. Nd2 Nf6 5. f3 e6 6. Nb3 a5 7. Be3 Be7 8. Bd3 d6
9. Qd2 O-O 10. Nh3 Nbd7 11. O-O e5 12. d5 c6 13. dxc6 Bxc6 14. c4 bxc3 15. Qxc3
Bb7 16. Rfc1 d5 17. Qe1 dxe4 18. fxe4 Nxe4 19. Bxe4 Bxe4 20. Nf2 Bb4 21. Bd2
Bxd2 22. Qxd2 Bf5 23. Rc6 Be6 24. Qc3 Bxb3 25. Qxb3 Nf6 26. Qc3 Re8 27. Rd1 Qe7
28. Rc7 Qe6 29. Rc6 Qf5 30. Rf1 e4 31. Rc5 Qe6 32. Rxa5 e3 0-1

[Event "XI C.to Mondiale seniores"]
[Site "Arco ITA"]
[Date "2001.10.26"]
[Round "9"]
[White "Petkevich, Jusefs"]
[Black "Rahls, Peter"]
[Result "1/2-1/2"]
[WhiteElo "2440"]
[BlackElo "2321"]
[PlyCount "91"]
[EventDate "2001.10.17"]

1. Nf3 c5 2. c4 Nc6 3. Nc3 g6 4. g3 Bg7 5. Bg2 e5 6. d3 Nge7 7. O-O O-O 8. Bd2
d6 9. a3 h6 10. Rb1 Bg4 11. h3 Be6 12. b4 Qd7 13. bxc5 dxc5 14. Ne4 b6 15. Bxh6
Bxh3 16. Qd2 Bxg2 17. Kxg2 Nf5 18. Bxg7 Kxg7 19. Rh1 Rh8 20. Nc3 f6 21. Nd5
Ncd4 22. Nxd4 Nxd4 23. e3 Ne6 24. Qe2 Rad8 25. Qf3 Qf7 26. a4 Rxh1 27. Rxh1 f5
28. g4 Ng5 29. Qg3 Rxd5 30. Qh4 Rd8 31. Qxg5 Rh8 32. Rxh8 Kxh8 33. e4 fxg4 34.
Qxe5+ Kh7 35. Qh2+ Kg7 36. Qg3 Qd7 37. Qe5+ Kh6 38. Qh8+ Kg5 39. Qe5+ Kh6 40.
Qd5 Qxa4 41. e5 Qd1 42. Qd8 Qf3+ 43. Kg1 g3 44. Qh8+ Kg5 45. Qd8+ Kg4 46. Qd7+
1/2-1/2

[Event "XI C.to Mondiale seniores"]
[Site "Arco ITA"]
[Date "2001.10.26"]
[Round "9"]
[White "Shabanov, Yuri"]
[Black "Rotstein, Jefim"]
[Result "1/2-1/2"]
[WhiteElo "2458"]
[BlackElo "2379"]
[PlyCount "55"]
[EventDate "2001.10.17"]

1. e4 c5 2. Nf3 e6 3. d4 cxd4 4. Nxd4 Nf6 5. Nc3 d6 6. Be2 a6 7. O-O Be7 8. a4
O-O 9. a5 Bd7 10. Be3 Nc6 11. Nb3 Rc8 12. f4 Qc7 13. Qd2 Nb4 14. Rfd1 e5 15.
Bf3 Rfe8 16. Nc1 Bf8 17. Nd3 Nc6 18. Bb6 Qb8 19. Qf2 exf4 20. Nxf4 Ne5 21. Nfd5
Nxd5 22. Nxd5 Be6 23. b3 Bxd5 24. Rxd5 g6 25. Rad1 Rc6 26. c4 Qc8 27. Bd4 Bg7
28. Kh1 1/2-1/2

[Event "XI C.to Mondiale seniores"]
[Site "Arco ITA"]
[Date "2001.10.26"]
[Round "9"]
[White "Vasiukov, Evgeni A."]
[Black "Arkhangelsky, Boris"]
[Result "1-0"]
[WhiteElo "2530"]
[BlackElo "2416"]
[PlyCount "87"]
[EventDate "2001.10.17"]

1. e4 c5 2. Nf3 d6 3. Nc3 Nf6 4. d4 cxd4 5. Qxd4 Bd7 6. Bg5 h6 7. Bxf6 gxf6 8.
O-O-O Nc6 9. Qe3 Qa5 10. Kb1 O-O-O 11. Rd5 Qc7 12. Nb5 Qb8 13. Nfd4 Nxd4 14.
Qxd4 Bxb5 15. Rxb5 Rg8 16. Qc4+ Qc7 17. Qxf7 Rg5 18. f4 Rxb5 19. Bxb5 d5 20.
Qe6+ Kb8 21. g3 dxe4 22. Qxe4 e5 23. fxe5 fxe5 24. Bd3 Bg7 25. c3 Rf8 26. Rf1
Rxf1+ 27. Bxf1 a6 28. Bg2 Ka7 29. a3 Kb8 30. Qd5 Ka7 31. Be4 Bf8 32. b4 Be7 33.
h4 a5 34. Kb2 axb4 35. axb4 Bf8 36. Kb3 Bg7 37. c4 Bf8 38. c5 Qg7 39. g4 Qc7
40. g5 hxg5 41. hxg5 Bg7 42. b5 Qe7 43. b6+ Kb8 44. c6 1-0

[Event "XI C.to Mondiale seniores"]
[Site "Arco ITA"]
[Date "2001.10.26"]
[Round "9"]
[White "Zakhvatov, Vladimir"]
[Black "Chehlov, Aleksander"]
[Result "1-0"]
[WhiteElo "2322"]
[BlackElo "2267"]
[PlyCount "81"]
[EventDate "2001.10.17"]

1. d4 Nf6 2. c4 g6 3. Nc3 d5 4. Nf3 Bg7 5. Bg5 Ne4 6. Bh4 Nxc3 7. bxc3 c5 8. e3
Nc6 9. Rc1 O-O 10. cxd5 Qxd5 11. c4 Qd8 12. d5 Nb4 13. Qd2 Qa5 14. Bxe7 Re8 15.
Bd6 Bf5 16. Be2 Bb2 17. O-O Bxc1 18. Rxc1 Rad8 19. Be5 Rxe5 20. Nxe5 Qxa2 21.
Qxa2 Nxa2 22. Ra1 Nc3 23. Kf1 a6 24. Nd3 Ne4 25. Ke1 b5 26. f3 bxc4 27. fxe4
cxd3 28. Bxd3 c4 29. Bc2 Bc8 30. Kd2 f5 31. Kc3 fxe4 32. Bxe4 Re8 33. Kd4 Kf7
34. Bf3 Kf6 35. e4 h5 36. Rc1 Bd7 37. Rxc4 a5 38. Rc7 Bg4 39. Bxg4 hxg4 40.
Rc6+ Kf7 41. e5 1-0

[Event "XI C.to Mondiale seniores"]
[Site "Arco ITA"]
[Date "2001.10.27"]
[Round "10"]
[White "Arkhangelsky, Boris"]
[Black "Khanukov, Boris"]
[Result "0-1"]
[WhiteElo "2416"]
[BlackElo "2346"]
[PlyCount "158"]
[EventDate "2001.10.17"]

1. d4 Nf6 2. c4 e6 3. Nf3 b6 4. e3 Bb7 5. Bd3 c5 6. O-O Be7 7. Nc3 O-O 8. dxc5
bxc5 9. b3 Nc6 10. Bb2 Nb4 11. Be2 d6 12. Qd2 Qb6 13. Ne1 Rad8 14. Bf3 d5 15.
cxd5 exd5 16. a3 Na6 17. Qc2 Bc6 18. Na4 Bxa4 19. bxa4 c4 20. Bd4 Nc5 21. g3
Qa6 22. Bxc5 Bxc5 23. Ng2 Bd6 24. Rfd1 Be5 25. Rab1 Qc6 26. Rb5 a6 27. Rb4 g6
28. Nf4 Bxf4 29. gxf4 Qe6 30. Kg2 Rd6 31. Rd4 Rfd8 32. Rb1 Ne4 33. Bxe4 dxe4
34. Qxe4 Rxd4 35. Qxe6 fxe6 36. exd4 Rc8 37. Rc1 Kf7 38. Kf3 Kf6 39. Ke4 h5 40.
Rc3 h4 41. h3 a5 42. Kf3 Kf5 43. Ke3 Rc7 44. Kf3 Rc6 45. Ke3 Rb6 46. Rxc4 Rb3+
47. Ke2 Rxh3 48. Kf1 Rd3 49. Kg2 Kg4 50. Rc6 Kf5 51. Rd6 Rd2 52. Kf3 h3 53. Kg3
h2 54. Kxh2 Rxf2+ 55. Kg3 Rxf4 56. d5 e5 57. Rd8 Rxa4 58. d6 Rxa3+ 59. Kf2 Rd3
60. d7 Ke4 61. Ke2 Rd4 62. Rg8 Rxd7 63. Rxg6 Rd4 64. Ra6 a4 65. Ra8 Rb4 66. Kd2
Rb2+ 67. Kc3 Ra2 68. Rf8 Ke3 69. Rh8 Ra1 70. Rh3+ Ke4 71. Rh8 a3 72. Rh4+ Kf3
73. Rh3+ Kg4 74. Rh8 e4 75. Re8 Kf3 76. Rh8 e3 77. Rf8+ Ke2 78. Rh8 Rf1 79.
Rh2+ Rf2 0-1

[Event "XI C.to Mondiale seniores"]
[Site "Arco ITA"]
[Date "2001.10.27"]
[Round "10"]
[White "Baumgartner, Heinz"]
[Black "Kristiansen, Erling"]
[Result "0-1"]
[WhiteElo "2350"]
[BlackElo "2213"]
[PlyCount "44"]
[EventDate "2001.10.17"]

1. Nf3 Nf6 2. g3 d5 3. Bg2 e6 4. O-O c5 5. d4 Nc6 6. c4 dxc4 7. Ne5 Bd7 8. Nxc6
Bxc6 9. Bxc6+ bxc6 10. Qa4 Qb6 11. dxc5 Bxc5 12. Qxc4 Rd8 13. Nd2 Qb5 14. Qc2
O-O 15. a4 Qb7 16. Nc4 Rd5 17. Bd2 Qb8 18. Kg2 Bb4 19. e4 Rh5 20. Bc1 Nd7 21.
Qe2 g6 22. g4 Qxh2+ 0-1

[Event "XI C.to Mondiale seniores"]
[Site "Arco ITA"]
[Date "2001.10.27"]
[Round "10"]
[White "Csom, Istvan"]
[Black "Vasiukov, Evgeni A."]
[Result "1-0"]
[WhiteElo "2425"]
[BlackElo "2530"]
[PlyCount "73"]
[EventDate "2001.10.17"]

1. Nf3 Nf6 2. g3 d5 3. Bg2 c6 4. b3 Bg4 5. Bb2 Nbd7 6. d3 e6 7. Nbd2 a5 8. a3
Be7 9. O-O O-O 10. c4 Re8 11. Qc2 Qb6 12. Bc3 e5 13. e3 Bf8 14. h3 Bh5 15. Rfe1
h6 16. b4 Bg6 17. bxa5 Qc7 18. Nh4 Bh7 19. Bf1 g5 20. Nhf3 e4 21. dxe4 dxe4 22.
Nh2 Ne5 23. Bxe5 Rxe5 24. Nb3 c5 25. Bg2 Bf5 26. Qc3 Rae8 27. Red1 Bg7 28. Ra2
h5 29. Qe1 Bd7 30. Rb1 Qc8 31. Qf1 Qc7 32. Rd2 Bf8 33. Qe2 Qc8 34. Qf1 Ba4 35.
Rdb2 Bd6 36. Qe2 Bd7 37. Qf1 {...} 1-0

[Event "XI C.to Mondiale seniores"]
[Site "Arco ITA"]
[Date "2001.10.27"]
[Round "10"]
[White "Dornieden, Manfred"]
[Black "Lainburg, Viktor"]
[Result "1-0"]
[WhiteElo "2293"]
[BlackElo "2235"]
[PlyCount "55"]
[EventDate "2001.10.17"]

1. c4 e5 2. Nc3 Bb4 3. g3 Bxc3 4. bxc3 Nc6 5. Bg2 d6 6. Nf3 Nf6 7. O-O O-O 8.
Rb1 Re8 9. d3 e4 10. Nd4 h6 11. Nxc6 bxc6 12. h3 Bd7 13. Be3 c5 14. Qd2 Bc6 15.
d4 cxd4 16. cxd4 d5 17. c5 Nh7 18. g4 Qe7 19. Bf4 f5 20. gxf5 Rf8 21. Qa5 Rac8
22. Qxa7 Qf6 23. Be5 Qxf5 24. Rb3 Ng5 25. Rg3 Ne6 26. Qa6 Bd7 27. Qb7 Be8 28.
Qxc8 1-0

[Event "XI C.to Mondiale seniores"]
[Site "Arco ITA"]
[Date "2001.10.27"]
[Round "10"]
[White "Kholmov, Ratmir D."]
[Black "Bebchuk, Evgeni"]
[Result "1/2-1/2"]
[WhiteElo "2427"]
[BlackElo "2335"]
[PlyCount "38"]
[EventDate "2001.10.17"]

1. e4 e5 2. Nf3 Nf6 3. Nxe5 d6 4. Nf3 Nxe4 5. Qe2 Qe7 6. Nc3 Nxc3 7. dxc3 Qxe2+
8. Bxe2 Be7 9. O-O O-O 10. Bg5 Bxg5 11. Nxg5 Bf5 12. Bd3 Bxd3 13. cxd3 Re8 14.
Rfe1 Nd7 15. Kf1 h6 16. Nf3 Ne5 17. Nxe5 Rxe5 18. d4 Rxe1+ 19. Rxe1 Kf8 1/2-1/2

[Event "XI C.to Mondiale seniores"]
[Site "Arco ITA"]
[Date "2001.10.27"]
[Round "10"]
[White "Klovans, Janis"]
[Black "Karasev, Vladimir I."]
[Result "1-0"]
[WhiteElo "2420"]
[BlackElo "2410"]
[PlyCount "117"]
[EventDate "2001.10.17"]

1. e4 c5 2. Nf3 e6 3. d4 cxd4 4. Nxd4 a6 5. Bd3 Nf6 6. O-O Qc7 7. Nc3 d6 8. Be3
Nbd7 9. a4 b6 10. f4 Bb7 11. f5 e5 12. Nb3 Be7 13. Qf3 h6 14. Rae1 Rc8 15. Qe2
Ra8 16. Bf2 O-O 17. Nd2 d5 18. Nxd5 Nxd5 19. exd5 Bxd5 20. Ne4 f6 21. Nc3 Bf7
22. Be4 Rac8 23. Nd5 Bxd5 24. Bxd5+ Kh8 25. Qxa6 Qxc2 26. Qb5 Rfd8 27. Be6 Qc6
28. Qxc6 Rxc6 29. Rd1 Nc5 30. Rxd8+ Bxd8 31. Bf7 Rc7 32. Be8 Be7 33. Rc1 Rc8
34. Bb5 Ra8 35. b4 Nb3 36. Rc7 Bxb4 37. Bxb6 Ba5 38. Bxa5 Nxa5 39. Kf2 Nb3 40.
g4 Nd4 41. Bd7 h5 42. Rc8+ Rxc8 43. Bxc8 hxg4 44. a5 Nc6 45. a6 Kg8 46. Kg3 Kf7
47. Bb7 Na7 48. Kxg4 Ke7 49. Kh5 Kd6 50. Bf3 Ke7 51. Kg6 Kf8 52. h4 Nc8 53. Bb7
Na7 54. h5 Nb5 55. Bf3 Na7 56. h6 gxh6 57. Kxf6 h5 58. Kg5 Ke7 59. f6+ 1-0

[Event "XI C.to Mondiale seniores"]
[Site "Arco ITA"]
[Date "2001.10.27"]
[Round "10"]
[White "Littlewood, John Eric"]
[Black "Zakhvatov, Vladimir"]
[Result "0-1"]
[WhiteElo "2285"]
[BlackElo "2322"]
[PlyCount "89"]
[EventDate "2001.10.17"]

1. f4 c5 2. Nf3 Nc6 3. e4 g6 4. g3 Bg7 5. Bg2 d6 6. O-O Nf6 7. d3 O-O 8. h3 Bd7
9. Nc3 Rb8 10. g4 b5 11. Qe1 b4 12. Nd1 a5 13. f5 Nd4 14. Ne3 Bb5 15. g5 Nd7
16. a4 Ba6 17. Nh2 Ne5 18. Nhg4 Nxg4 19. Nxg4 Nxc2 20. Qh4 Bc8 21. f6 Bxg4 22.
fxg7 Kxg7 23. Rb1 Bh5 24. Bf4 Nd4 25. Be3 Qd7 26. Rf2 Qxa4 27. Bxd4+ cxd4 28.
Bf3 Bxf3 29. Rxf3 Rh8 30. Qf2 Rhf8 31. Rf1 Qe8 32. Qxd4+ Kg8 33. h4 Qc8 34. Qf2
Qe6 35. Ra1 Rb5 36. Rf4 d5 37. Re1 Qd7 38. e5 Qe6 39. b3 d4 40. Qxd4 Qxb3 41.
e6 Rf5 42. Rxf5 gxf5 43. h5 fxe6 44. h6 Qc3 45. Qh4 0-1

[Event "XI C.to Mondiale seniores"]
[Site "Arco ITA"]
[Date "2001.10.27"]
[Round "10"]
[White "Rahls, Peter"]
[Black "Bukal, Vladimir sr"]
[Result "0-1"]
[WhiteElo "2321"]
[BlackElo "2437"]
[PlyCount "98"]
[EventDate "2001.10.17"]

1. e4 e6 2. d4 d5 3. e5 c5 4. c3 Nc6 5. Nf3 Bd7 6. Be2 Nh6 7. O-O Nf5 8. Na3
cxd4 9. cxd4 Qb6 10. Nc2 Na5 11. b3 Bb5 12. g4 Bxe2 13. Qxe2 Ne7 14. Be3 h5 15.
h3 Ng6 16. Nce1 Nc6 17. gxh5 Nge7 18. Ng2 Rxh5 19. Ng5 Rh8 20. Qg4 Nf5 21. Rfd1
Be7 22. h4 g6 23. Rac1 Qd8 24. Nf3 Bxh4 25. Nge1 Be7 26. Nd3 Rc8 27. Kg2 Kd7
28. b4 Nxb4 29. Nxb4 Bxb4 30. Rb1 Qa5 31. Bd2 Bxd2 32. Rxd2 b6 33. Rdb2 Rh5 34.
Qf4 Rc4 35. Rc1 Qa4 36. Rxc4 Qxc4 37. Rb1 Qc2 38. Rc1 Qe4 39. Qxe4 dxe4 40. Nd2
Rh4 41. Nb3 e3 42. fxe3 Nxe3+ 43. Kg3 g5 44. a4 Nf5+ 45. Kg2 Re4 46. Rc3 g4 47.
a5 g3 48. Rd3 Re2+ 49. Kg1 Ne3 0-1

[Event "XI C.to Mondiale seniores"]
[Site "Arco ITA"]
[Date "2001.10.27"]
[Round "10"]
[White "Rumens, David E."]
[Black "Hecht, Hans-Joachim"]
[Result "0-1"]
[WhiteElo "2215"]
[BlackElo "2418"]
[PlyCount "80"]
[EventDate "2001.10.17"]

1. f4 g6 2. Nf3 Bg7 3. d3 c5 4. e3 Nc6 5. Be2 e6 6. O-O Nge7 7. Qe1 d5 8. e4 c4
9. e5 Qb6+ 10. Rf2 cxd3 11. Bxd3 Nb4 12. Be3 Nxd3 13. cxd3 Qa6 14. Bc5 Qxd3 15.
Na3 Bf8 16. Rd1 Qa6 17. Rc2 Bd7 18. Kh1 Ba4 19. b3 Bc6 20. Qb4 Nf5 21. Bxf8
Rxf8 22. Rdc1 Qb6 23. Qd2 a5 24. Rc5 h5 25. Qf2 Qb4 26. Qc2 Ke7 27. Nb5 Bxb5
28. a3 Qxa3 29. Rxb5 Rfc8 30. Rxb7+ Kf8 31. Qxc8+ Rxc8 32. Rxc8+ Kg7 33. h3
Qa1+ 34. Kh2 Qf1 35. Rcc7 Nh6 36. Kg3 h4+ 37. Kh2 Qf2 38. Kh1 d4 39. Rd7 d3 40.
Ng1 d2 0-1

[Event "XI C.to Mondiale seniores"]
[Site "Arco ITA"]
[Date "2001.10.27"]
[Round "10"]
[White "Tatai, Stefano"]
[Black "Ousatchi, Mark"]
[Result "1-0"]
[WhiteElo "2352"]
[BlackElo "2223"]
[PlyCount "80"]
[EventDate "2001.10.17"]

1. e4 e5 2. Nf3 Nc6 3. Bb5 a6 4. Ba4 Nf6 5. O-O Be7 6. Re1 b5 7. Bb3 d6 8. c3
O-O 9. h3 Na5 10. Bc2 c5 11. d4 Qc7 12. Nbd2 Nc6 13. d5 Nb8 14. a4 Ra7 15. b3
Re8 16. Nf1 Rb7 17. Ng3 h6 18. Qe2 b4 19. Bd2 bxc3 20. Bxc3 Nh7 21. Nd2 Ra7 22.
Nc4 Bd8 23. Bd3 g6 24. Rab1 a5 25. Rec1 Bg5 26. Rc2 h5 27. Qe1 Bd8 28. Re2 Nd7
29. Nf1 Ndf6 30. Na3 Ra8 31. Bb5 Rf8 32. Bc6 Ra6 33. Nd2 Qe7 34. Nb5 h4 35. f4
Nh5 36. fxe5 dxe5 37. Nf3 Nf4 38. d6 Qe6 39. Bd5 Nxh3+ 40. gxh3 Qxh3 1-0

[Event "XI C.to Mondiale seniores"]
[Site "Arco ITA"]
[Date "2001.10.27"]
[Round "10"]
[White "Titz, Heimo"]
[Black "Gruzmann, Boris"]
[Result "1-0"]
[WhiteElo "2306"]
[BlackElo "2288"]
[PlyCount "79"]
[EventDate "2001.10.17"]

1. c4 g6 2. d4 Nf6 3. Nf3 Bg7 4. Nc3 O-O 5. e4 d6 6. Be2 Bg4 7. Be3 Nfd7 8. Qd2
e5 9. d5 a5 10. Ng1 Bxe2 11. Ngxe2 Na6 12. O-O f5 13. f3 Nac5 14. Rad1 b6 15.
exf5 gxf5 16. f4 a4 17. Qc2 e4 18. Nd4 Qe7 19. a3 Qf7 20. g3 Nf6 21. h3 Nh5 22.
Kh2 Kh8 23. Rg1 Rg8 24. Qe2 Rae8 25. Rg2 h6 26. Rf1 Kh7 27. Ncb5 Nd3 28. Ne6
Bxb2 29. Nbxc7 Bxa3 30. Nxe8 Qxe8 31. g4 fxg4 32. hxg4 Nf6 33. g5 Qh5+ 34. Qxh5
Nxh5 35. g6+ Kh8 36. Bd4+ Ng7 37. Nxg7 Rxg7 38. f5 Ne5 39. Bxe5 dxe5 40. f6 1-0

[Event "XI C.to Mondiale seniores"]
[Site "Arco ITA"]
[Date "2001.10.27"]
[Round "10"]
[White "Trinos, Viacheslav"]
[Black "Hoen, Ragnar Harald"]
[Result "1/2-1/2"]
[WhiteElo "2234"]
[BlackElo "2324"]
[PlyCount "42"]
[EventDate "2001.10.17"]

1. d4 Nf6 2. Nf3 e6 3. c4 d5 4. Nc3 Be7 5. cxd5 exd5 6. Qc2 c6 7. Bg5 O-O 8. e3
Re8 9. Bd3 Nbd7 10. O-O Nf8 11. h3 Ne4 12. Bxe7 Qxe7 13. Bxe4 dxe4 14. Nd2 f5
15. Rae1 Be6 16. f3 exf3 17. Nxf3 Ng6 18. e4 fxe4 19. Qxe4 Bd5 20. Qxe7 Rxe7
21. Rxe7 Nxe7 1/2-1/2

[Event "XI C.to Mondiale seniores"]
[Site "Arco ITA"]
[Date "2001.10.28"]
[Round "11"]
[White "Bukal, Vladimir sr"]
[Black "Zichichi, Alvise"]
[Result "1-0"]
[WhiteElo "2437"]
[BlackElo "2277"]
[PlyCount "45"]
[EventDate "2001.10.17"]

1. c4 e6 2. g3 d5 3. Bg2 c6 4. Nf3 f5 5. O-O Bd6 6. d3 Nf6 7. Nc3 O-O 8. e4
dxe4 9. dxe4 Bb4 10. e5 Bxc3 11. bxc3 Ne4 12. Qc2 Qa5 13. Re1 Nd7 14. Nd4 Nec5
15. Bg5 Re8 16. Nb3 Qa4 17. Rad1 Qxc4 18. Rd4 Qa6 19. Qd1 Nxb3 20. axb3 Nf8 21.
Rd8 Bd7 22. Rxd7 Nxd7 23. Qxd7 1-0

[Event "XI C.to Mondiale seniores"]
[Site "Arco ITA"]
[Date "2001.10.28"]
[Round "11"]
[White "Hecht, Hans-Joachim"]
[Black "Dornieden, Manfred"]
[Result "1/2-1/2"]
[WhiteElo "2418"]
[BlackElo "2293"]
[PlyCount "28"]
[EventDate "2001.10.17"]

1. d4 d6 2. c4 g6 3. Nc3 Bg7 4. e4 Nc6 5. Be3 a6 6. h3 e5 7. Nf3 exd4 8. Nxd4
Nge7 9. Be2 O-O 10. O-O f5 11. Qd2 Bd7 12. Rad1 Qe8 13. Rfe1 fxe4 14. Nxe4 Nf5
1/2-1/2

[Event "XI C.to Mondiale seniores"]
[Site "Arco ITA"]
[Date "2001.10.28"]
[Round "11"]
[White "Karasev, Vladimir I."]
[Black "Chernikov, Oleg L."]
[Result "1/2-1/2"]
[WhiteElo "2410"]
[BlackElo "2464"]
[PlyCount "51"]
[EventDate "2001.10.17"]

1. e4 c5 2. Nf3 d6 3. d4 cxd4 4. Nxd4 Nf6 5. Nc3 Nc6 6. Bc4 Bd7 7. O-O g6 8.
Nxc6 Bxc6 9. Bg5 Bg7 10. Nd5 Bxd5 11. exd5 O-O 12. Qe2 Qd7 13. a4 Qf5 14. Bxf6
Bxf6 15. c3 Rac8 16. Rad1 Qf4 17. Bb3 h5 18. g3 Qe5 19. Qd3 h4 20. Rde1 Qh5 21.
Bd1 Qh6 22. f4 hxg3 23. hxg3 Qh3 24. Re3 Qf5 25. Qxf5 gxf5 26. Bc2 {...}
1/2-1/2

[Event "XI C.to Mondiale seniores"]
[Site "Arco ITA"]
[Date "2001.10.28"]
[Round "11"]
[White "Klovans, Janis"]
[Black "Csom, Istvan"]
[Result "1/2-1/2"]
[WhiteElo "2420"]
[BlackElo "2425"]
[PlyCount "26"]
[EventDate "2001.10.17"]

1. e4 c5 2. Nf3 d6 3. d4 cxd4 4. Nxd4 Nf6 5. Nc3 Nc6 6. Bg5 e6 7. Qd2 a6 8.
O-O-O h6 9. Be3 Bd7 10. f3 Qc7 11. Kb1 Na5 12. Nb3 Nxb3 13. cxb3 b5 1/2-1/2

[Event "XI C.to Mondiale seniores"]
[Site "Arco ITA"]
[Date "2001.10.28"]
[Round "11"]
[White "Petkevich, Jusefs"]
[Black "Johannessen, Svein"]
[Result "1/2-1/2"]
[WhiteElo "2440"]
[BlackElo "2265"]
[PlyCount "42"]
[EventDate "2001.10.17"]

1. d4 Nf6 2. c4 c5 3. d5 e5 4. Nc3 d6 5. g3 Be7 6. Bg2 h5 7. h4 Na6 8. e4 Nc7
9. Bh3 a6 10. a4 Bxh3 11. Nxh3 b5 12. axb5 axb5 13. Rxa8 Qxa8 14. cxb5 Qa5 15.
Qe2 O-O 16. O-O Rb8 17. Bg5 Nxb5 18. Bxf6 Bxf6 19. Qxh5 Nxc3 20. bxc3 Qxc3 21.
Qf5 c4 1/2-1/2

[Event "XI C.to Mondiale seniores"]
[Site "Arco ITA"]
[Date "2001.10.28"]
[Round "11"]
[White "Rosen, Willy"]
[Black "Rotstein, Jefim"]
[Result "1-0"]
[WhiteElo "2315"]
[BlackElo "2379"]
[PlyCount "81"]
[EventDate "2001.10.17"]

1. e4 c5 2. Nf3 e6 3. d4 cxd4 4. Nxd4 Nf6 5. Nc3 d6 6. Be2 a6 7. a4 Be7 8. O-O
Qc7 9. Be3 b6 10. f4 Bb7 11. Bf3 Nbd7 12. Qe1 O-O 13. Rd1 Rac8 14. Bc1 Rfe8 15.
g4 e5 16. Nf5 exf4 17. Bxf4 Ne5 18. Bxe5 dxe5 19. Nxe7+ Qxe7 20. g5 Nd7 21. Bg4
Rcd8 22. Bxd7 Rxd7 23. Rxd7 Qxd7 24. Qe3 Qd4 25. Kf2 Qb4 26. Qd3 g6 27. Ke2 Rc8
28. Kd2 Qxb2 29. Rb1 Qa3 30. Rxb6 Qe7 31. Ke2 Rc7 32. h4 Kg7 33. Nd5 Bxd5 34.
exd5 Qc5 35. Rxa6 e4 36. Qb3 h6 37. Rb6 hxg5 38. hxg5 Qg1 39. d6 Rc5 40. Rb7
Rf5 41. Qc3+ 1-0

[Event "XI C.to Mondiale seniores"]
[Site "Arco ITA"]
[Date "2001.10.28"]
[Round "11"]
[White "Shabanov, Yuri"]
[Black "Khanukov, Boris"]
[Result "1/2-1/2"]
[WhiteElo "2458"]
[BlackElo "2346"]
[PlyCount "25"]
[EventDate "2001.10.17"]

1. e4 e5 2. Nf3 Nc6 3. Nc3 Nf6 4. Bb5 d6 5. d4 Bd7 6. Bxc6 Bxc6 7. Qd3 exd4 8.
Nxd4 Bd7 9. Bg5 Be7 10. O-O-O O-O 11. f3 a6 12. h4 b5 13. Nb1 1/2-1/2

[Event "XI C.to Mondiale seniores"]
[Site "Arco ITA"]
[Date "2001.10.28"]
[Round "11"]
[White "Vasiukov, Evgeni A."]
[Black "Bebchuk, Evgeni"]
[Result "1-0"]
[WhiteElo "2530"]
[BlackElo "2335"]
[PlyCount "65"]
[EventDate "2001.10.17"]

1. e4 e5 2. Bc4 Nf6 3. d3 Nc6 4. Nf3 h6 5. O-O d6 6. c3 Qe7 7. Nbd2 g5 8. Bb3
Bg7 9. Nc4 Be6 10. Ne3 O-O-O 11. Ba4 Nb8 12. c4 Nbd7 13. Bd2 Nh5 14. Nd5 Bxd5
15. cxd5 Nf4 16. Be3 Kb8 17. g3 Ng6 18. Nd2 h5 19. Nc4 Nb6 20. Na5 Ka8 21. Nxb7
Kxb7 22. Bc6+ Kc8 23. a4 Rdg8 24. a5 Nd7 25. Bxa7 Qf6 26. a6 Kd8 27. Rc1 Nh4
28. gxh4 gxh4 29. Kh1 Bh6 30. Be3 Bxe3 31. fxe3 Qg5 32. Qf3 Nb6 33. a7 1-0